Southville International School and Colleges
Your cart is empty.
  • Cart
  • Lists
    Public lists Eva Luna New books Lux_list list_1
    Your lists Log in to create your own lists
  • Log in to your account
  • Your cookies
  • Search history
Southville International School and Colleges
  • Advanced search
  • Recent comments
  • Most popular
  • Libraries

Log in to your account

Log in with GOOGLE


If you do not have an external account, but do have a local account, you can still log in:

  1. Home
  2. MARC view: Clinton in exile :
Normal view MARC view ISBD view

Clinton in exile : (Record no. 288478)

[ view plain ]
MARC details
000 -LEADER
fixed length control field 02282cam a22004094a 4500
001 - CONTROL NUMBER
control field 15393836
003 - CONTROL NUMBER IDENTIFIER
control field PILC
005 - DATE AND TIME OF LATEST TRANSACTION
control field 20150825130746.0
008 - FIXED-LENGTH DATA ELEMENTS--GENERAL INFORMATION
fixed length control field 080802s2008 nyuaf b 001 0beng c
010 ## - LIBRARY OF CONGRESS CONTROL NUMBER
LC control number 2008298485
020 ## - INTERNATIONAL STANDARD BOOK NUMBER
International Standard Book Number 9780061231599
020 ## - INTERNATIONAL STANDARD BOOK NUMBER
International Standard Book Number 0061231592
035 ## - SYSTEM CONTROL NUMBER
System control number (OCoLC)ocn191731892
040 ## - CATALOGING SOURCE
Original cataloging agency DOV
Transcribing agency DOV
Modifying agency BAKER
-- BTCTA
-- YDXCP
-- BWX
-- OCLCQ
-- ILC
-- CDX
-- IQU
-- DLC
042 ## - AUTHENTICATION CODE
Authentication code pcc
043 ## - GEOGRAPHIC AREA CODE
Geographic area code n-us---
050 00 - LIBRARY OF CONGRESS CALL NUMBER
Classification number E 886
Item number .F45 2008
082 00 - DEWEY DECIMAL CLASSIFICATION NUMBER
Classification number 973.9290973
100 1# - MAIN ENTRY--PERSONAL NAME
Personal name Felsenthal, Carol.
245 10 - TITLE STATEMENT
Title Clinton in exile :
Remainder of title a president out of the White House /
Statement of responsibility, etc Carol Felsenthal.
260 ## - PUBLICATION, DISTRIBUTION, ETC. (IMPRINT)
Place of publication, distribution, etc New York :
Name of publisher, distributor, etc William Morrow,
Date of publication, distribution, etc 2008.
300 ## - PHYSICAL DESCRIPTION
Extent x, 386 pages :
Other physical details illustrations ;
Dimensions 24 cm.
500 ## - GENERAL NOTE
General note Includes bibliographical references and index.
505 0# - FORMATTED CONTENTS NOTE
Formatted contents note Oh, for just one more term -- The best house -- Getting serious, studying the legacy of Jimmy Carter -- Not quite ready for prime time -- Clinton opens his Library in a downpour -- Bill Clinton fixes Africa -- The path to 9/11 -- A Luddite meets the Bloggers -- Philanderer in chief -- Hillary's (and Bill's) run for the White House -- First Gent: a Dolley Madison for the twenty-first century? -- Getting the full Clinton-- pro bono -- It's Monica, stupid!
520 ## - SUMMARY, ETC.
Summary, etc An evaluation of the post-presidential life of Bill Clinton draws on interviews with friends, associates, and adversaries to address questions about how he has adjusted to a life of reduced power, the nature of his relationship with Hillary, and the state of his health.
600 10 - SUBJECT ADDED ENTRY--PERSONAL NAME
Personal name Clinton, Bill,
Dates associated with a name 1946-
600 17 - SUBJECT ADDED ENTRY--PERSONAL NAME
Personal name Clinton, Bill,
Dates associated with a name 1946-
Source of heading or term sears
650 #0 - SUBJECT ADDED ENTRY--TOPICAL TERM
Topical term or geographic name as entry element Presidents
Geographic subdivision United States
Form subdivision Biography.
650 #7 - SUBJECT ADDED ENTRY--TOPICAL TERM
Topical term or geographic name as entry element Presidents
Geographic subdivision United States
Form subdivision Biography.
Source of heading or term sears
651 #7 - SUBJECT ADDED ENTRY--GEOGRAPHIC NAME
Geographic name United States
General subdivision Politics and government.
Source of heading or term sears
856 41 - ELECTRONIC LOCATION AND ACCESS
Materials specified Table of contents only
Uniform Resource Identifier <a href="http://www.loc.gov/catdir/toc/fy0805/2008298485.html">http://www.loc.gov/catdir/toc/fy0805/2008298485.html</a>
856 42 - ELECTRONIC LOCATION AND ACCESS
Materials specified Contributor biographical information
Uniform Resource Identifier <a href="http://www.loc.gov/catdir/enhancements/fy0911/2008298485-b.html">http://www.loc.gov/catdir/enhancements/fy0911/2008298485-b.html</a>
856 42 - ELECTRONIC LOCATION AND ACCESS
Materials specified Publisher description
Uniform Resource Identifier <a href="http://www.loc.gov/catdir/enhancements/fy0911/2008298485-d.html">http://www.loc.gov/catdir/enhancements/fy0911/2008298485-d.html</a>
906 ## - LOCAL DATA ELEMENT F, LDF (RLIN)
a 7
b cbc
c pccadap
d 2
e ncip
f 20
g y-gencatlg
942 ## - ADDED ENTRY ELEMENTS (KOHA)
Source of classification or shelving scheme Library of Congress Classification
Koha item type Books
Holdings
Withdrawn status Lost status Source of classification or shelving scheme Damaged status Home library Current library Shelving location Date acquired Source of acquisition Sub Shelving location Total Checkouts Full call number Barcode Date last seen Price effective from Koha item type
    Library of Congress Classification   College Library College Library General Circulation Section 08/25/2015 Donation     E 886 .F45 2008 C19774 05/15/2018 08/25/2015 Books

Clinton in exile :

APA

Felsenthal C., . (2008). Clinton in exile. New York: William Morrow.

Chicago

Felsenthal Carol, . 2008. Clinton in exile. New York: William Morrow.

Harvard

Felsenthal C., . (2008). Clinton in exile. New York: William Morrow.

MLA

Felsenthal Carol, . Clinton in exile. New York: William Morrow. 2008.

  • Place hold
  • Print
  • Cite
  • Add to your cart (remove)
  • Save record
    BIBTEX Dublin Core MARCXML MARC (non-Unicode/MARC-8) MARC (Unicode/UTF-8) MARC (Unicode/UTF-8, Standard) MODS (XML) RIS
  • More searches
    Search for this title in:
    Other Libraries (WorldCat) Other Databases (Google Scholar) Online Stores (Bookfinder.com) Open Library (openlibrary.org)

Exporting to Dublin Core...

SOUTHVILLE LIBRARY

Southville International School and Colleges Library

1281 Tropical Ave. Cor. Luxembourg St., BF Homes International, Las Pinas City

Tel. No. 8256374 / 252358 Loc. 117/146

Powered by Koha